[Event "Cairo Al Ain op"]
[Site "Cairo"]
[Date "2023.12.03"]
[Round "10"]
[White "Abdel Fatah, Mansour"]
[Black "Ahmed Osman, Noor"]
[Result "0-1"]
[WhiteElo "1787"]
[BlackElo "1645"]
[PlyCount "120"]
[EventDate "2023.11.27"]
[EventType "swiss"]
[EventRounds "10"]
[EventCountry "EGY"]
[SourceTitle "CB49_2023"]
[SourceDate "2023.12.06"]
[SourceVersion "1"]
[SourceVersionDate "2023.12.06"]
[SourceQuality "1"]

1. e4 e5 2. d4 exd4 3. Nf3 Nc6 4. c3 d5 5. e5 Bg4 6. Bb5 a6 7. Bxc6+ bxc6 8. cxd4 Bb4+ 9. Nc3 Ne7 10. 0-0 0-0 11. h3 Bh5 12. a3 Ba5 13. b4 Bb6 14. Bg5 Bxf3 15. gxf3 Qd7 16. Bxe7 Qxe7 17. Kh2 f6 18. e6 Qxe6 19. Rg1 Rfe8 20. Qd3 a5 21. Rg3 axb4 22. Rag1 Re7 23. axb4 Qd6 24. b5 Ra3 25. bxc6 Ba5 26. Qa6 Bxc3 27. Qc8+ Kf7 28. Kh1 g6 29. Qh8 Ke6 30. Qc8+ Kf7 31. Qh8 Ke6 32. Qg8+ Rf7 33. Qc8+ Ke7 34. f4 Ba5 35. Rxa3 Qxa3 36. Rg3 Qc1+ 37. Kg2 Bd2 38. Qxc7+ Kf8 39. Qd8+ Kg7 40. Qxd5 Rc7 41. f5 Qxc6 42. Qxc6 Rxc6 43. fxg6 hxg6 44. Rd3 Ba5 45. d5 Rd6 46. Kf3 f5 47. Kg3 Kf6 48. f4 Bd8 49. h4 Kf7 50. Rd1 Ra6 51. Rd3 Bf6 52. Rb3 Rd6 53. Rb7+ Be7 54. Rb5 Ra6 55. Rb3 Ra3 56. Rxa3 Bxa3 57. Kf3 Be7 58. Kg3 Ke8 59. d6 Bf6 60. h5 gxh5 0-1